Energy firms' climate change plans will keep Britain's lights on (Record no. 83658)

MARC details
000 -LEADER
fixed length control field 01043cad a22001935a 4500
001 - CONTROL NUMBER
control field L154546
008 - FIXED-LENGTH DATA ELEMENTS--GENERAL INFORMATION
fixed length control field 111220e2011 xxk 000 0 eng d
035 ## - SYSTEM CONTROL NUMBER
System control number (Sirsi) u154546
041 0# - LANGUAGE CODE
Language code of text/sound track or separate title eng
110 2# - MAIN ENTRY--CORPORATE NAME
Corporate name or jurisdiction name as entry element United Kingdom
Subordinate unit Department for Environment, Food and Rural Affairs
245 00 - TITLE STATEMENT
Title Energy firms' climate change plans will keep Britain's lights on
Medium [electronic resource]
260 ## - PUBLICATION, DISTRIBUTION, ETC.
Date of publication, distribution, etc. 2011
520 ## - SUMMARY, ETC.
Summary, etc. Defra publishes energy companies plans to protect UK power supply from the impacts of climate change. The reports show that the energy sector is making good progress in planning for the various risks but more work is needed in future years to protect existing infrastructure assets and new projects.
590 ## - LOCAL NOTE (RLIN)
Local note KA NTK
651 #4 - SUBJECT ADDED ENTRY--GEOGRAPHIC NAME
Geographic name United Kingdom
690 ## - LOCAL SUBJECT ADDED ENTRY--TOPICAL TERM (OCLC, RLIN)
Topical term or geographic name as entry element ENVIRONMENTAL AND LAND CONSULTANCY-ENERGY-ENERGY USE-ENERGY EFFICIENCY
856 40 - ELECTRONIC LOCATION AND ACCESS
Uniform Resource Identifier <a href="https://www.defra.gov.uk/news/2011/12/10/energy-firms%e2%80%99-climate-change-plans-will-keep-britains-lights-on/">https://www.defra.gov.uk/news/2011/12/10/energy-firms%e2%80%99-climate-change-plans-will-keep-britains-lights-on/</a>
Public note View the item free of charge at www.defra.gov.uk
942 ## - ADDED ENTRY ELEMENTS (KOHA)
Suppress in OPAC 0
Holdings
Withdrawn status Lost status Source of classification or shelving scheme Damaged status Not for loan Home library Current library Shelving location Date acquired Total Checkouts Full call number Barcode Date last seen Copy number Price effective from Koha item type
    Dewey Decimal Classification     Virtual Virtual Online 20/12/2011   ONLILNE PUBLICATION 154546-2001 06/08/2019 1 06/08/2019 Online material